01528nam a2200397 a 4500001001200000003000800012006001900020007001500039008004100054010001700095020002200112020002200134020001800156020002700174040002100201035002100222041001300243043002100256050002500277082001700302100002400319245008800343260009900431300001500530490006300545504006400608533015200672650001500824651003800839651003000877655002900907710001700936830003400953856012600987999001701113ebr10701585CaPaEBRm o u cr cn|||||||||970717s1997 enk sb 001 0 eng d z 97174801  z1850439206 (hbk.) z1860643132 (pbk.) z9781860643132 z9780857712592 (e-book) aCaPaEBRcCaPaEBR a(OCoLC)1919527921 aenghger aff-----af-ua---14aBP195.I8bH33 1997eb04a297.8/222211 aHalm, Heinz,d1942-14aThe Fatimids and their traditions of learningh[electronic resource] /cHeinz Halm. aLondon ;aNew York :bI.B. Tauris in association with the Institute of Ismaili Studies,c1997. axv, 112 p.1 aInstitute of Ismaili Studies. Ismaili heritage series ;v2 aIncludes bibliographical references (p. 100-103) and index. aElectronic reproduction.bPalo Alto, Calif. :cebrary,d2013.nAvailable via World Wide Web.nAccess may be limited to ebrary affiliated libraries. 0aFatimites. 0aAfrica, NorthxHistoryy647-1517. 0aEgyptxHistoryy640-1250. 7aElectronic books.2local2 aebrary, Inc. 0aIsmaili heritage series ;v2.40uhttp://site.ebrary.com/lib/rucke/Doc?id=10701585zAn electronic book accessible through the World Wide Web; click to view c20908d20908